000 01496cam a22004094i 4500
003 PE-LiUPU
005 20250731175637.0
008 150706s r 000 0 d
020 _a9780978642907
035 _a(Sirsi) i9780978642907
040 _aPE-LiUPU
_bspa
_cPE-LiUPU
_erda
049 _aPRUA
082 0 4 _a499.95321
_bS9
_221
245 0 1 _aSumerian lexicon :
_bA dictionary guide to the ancient sumerian Language /
_ceditado, compilado y arreglado por John Alan Halloran.
264 1 _aLos Angeles :
_bLogogram,
_c2006.
300 _a318 páginas ;
_c23 centímetros
336 _atext
_2rdacontent
337 _aunmediated
_2rdamedia
338 _avolume
_2rdacarrier
504 _aIncluye bibliografía.
505 0 _aDiccionario de A-Z.
526 _aP145
526 _aP127
526 _aP97
526 _aP35
526 _aP14
526 _aP07
650 0 4 _aSumerio
_vDiccionarios
_xInglés.
700 1 _aHalloran, John Alan,
_eed.
910 _agl
_bjv
_clch
_d20110207
942 _2ddc
_cBOOK
949 _a499.95321 S9
_wDEWEY
_c1
_i62416
_lCCODEBUL1
_mBUL
_p63.00
_r0
_sY
_tBOOK
_u2015-7-6
_xTEOLOGIA
_PP35
_0COMPRA
_o.STAFF. Colección General
994 _aC0
_bPEPRU
596 _a1
999 _a499.95321 S9
_wDEWEY
_c51446
_i62416
_f2021-11-11
_g5
_lCCODEBUL1
_mBUL
_p63.00
_r0
_sY
_tBOOK
_u2015-7-6
_xTEOLOGIA
_PP35
_0COMPRA
_o.STAFF. Colección General
_d51446
980 _81
_gALBERTO SANCHEZ Responsable de Automatización